MDQL
is popping MORE tags! Check the
thread
!
Quizzes
Events
Quiz Creation
Community
Videos
Private Events
Remove Ads
Sign In
Join for FREE
Feedback
Dark Mode
Quiz Categories
Sports
Geography
Music
Movies
Television
Just For Fun
Miscellaneous
History
Literature
Language
Science
Gaming
Entertainment
Religion
Holiday
For Kids
Quiz Lab
Recent
Popular Today
Quiz Kudos Today
Editor Picks
Curator Picks
Quizzes by...
Day
Popularity
Type
Ratings
Length
Year
Community
Subscriptions
Recent Discussions
Orange Saloon
Badges
Playlists
Quests
Create
Leaderboards
Showdown
Live 5
Trivia Bingo
Activity
Puzzle Library
Sporcle Events
Private Events
Virtual Trivia
Globe League
Become a Host
Pub Owners
SporcleCon
Opinionation
Our Games
Videos
Blog
Mobile Apps
Partnerships
Remove Ads and Go Orange
Feedback
Music
Pop Music
The Beatles
Song
Album
Lyrics
Bands
Singers
Artist
Clip
Rock
Rap
Classical
Billboard
Country Music
Kpop
Taylor Swift
Music
Pop Music
The Beatles
Song
Album
Lyrics
Bands
Singers
Artist
Clip
Rock
Rap
Classical
Billboard
Country Music
Kpop
Taylor Swift
Random Quiz
Search Sporcle
×
Quiz Lab
Quiz Lab
Music
Music Clip
Type in answers that appear in a list
Type in answers that appear in a list
Classic
Best Score? Go Orange.
Unthemed Music Clip Quiz III Stats
Can you name the song titles?
By
mathmath85
15m
42 Questions
79 Plays
79 Plays
79 Plays
Comments
Comments
Give Quiz Kudos
Give Quiz Kudos
-
- Ratings
hide this ad
Replay
Link that replays current quiz
Next Quiz
Link to next quiz in quiz playlist
You Got
0%
They Got
Avg Score
45%
Avg Friend Score
Upgrade to see
Score Distribution
Jump to the score distribution portion of the page
Score
0/42
Timer
15:00
0
Plays Today
Time (m:ss)
Song Title
% Correct
0:40
Hallelujah
82.3%
0:10
Champagne Supernova
79.7%
2:21
Like a Prayer
75.9%
1:20
Cum On Feel the Noize
69.6%
3:01
Use Somebody
69.6%
4:12
What’s My Age Again?
68.4%
4:32
Under Pressure
68.4%
2:51
I Fought the Law
67.1%
0:30
Rag Doll
63.3%
2:01
Poison
59.5%
5:42
99 Luftballons
59.5%
1:10
I Want a New Drug
57%
5:02
Hey Jealousy
55.7%
4:42
The Freshmen
53.2%
0:20
The Breakup Song (They Don’t Write ’Em)
46.8%
0:50
Moneytalks
46.8%
3:31
Because of You
46.8%
6:53
Shut Up and Dance
46.8%
6:03
Heaven is a Place on Earth
45.6%
3:11
I’d Do Anything
43%
5:22
Head Like a Hole
43%
Time (m:ss)
Song Title
% Correct
3:41
If You Leave
41.8%
1:41
Hard to Say “I’m Sorry”
40.5%
2:31
All I Want
40.5%
0:00
Man on the Silver Mountain
38%
3:51
Fall for You
38%
5:12
Keep Holding On
38%
4:01
Superman (It’s Not Easy)
36.7%
4:22
Beast and the Harlot
36.7%
2:11
The Book of Love
32.9%
1:31
The Song Remains the Same
31.6%
3:21
White Houses
31.6%
5:52
Back to December
31.6%
1:51
Bad Love
30.4%
6:23
Love Walks In
30.4%
2:41
As She’s Walking Away
29.1%
5:32
Innocent
29.1%
6:43
Everybody’s Got Something to Hide Except Me and My Monkey
29.1%
1:00
Earthshine
25.3%
6:13
What Kind of Fool Am I?
25.3%
6:33
Somebody’s Out There
22.8%
4:52
Rips Like a Motor
21.5%
Quiz Playlist
Details
Report
Send in Message
Add To Playlist
Classic:
Type in answers that appear in a list
Last Updated: Feb 16, 2017
Quiz Scoreboard
CHALLENGE
Sign Up to Join the Scoreboard
Show All
Scores
Hide
Comments
May contain spoilers
Recently Published
Image Sorting: Flags VI
by Barbecue
Geography
2m
Find the 'City' Movie
by crazypaving
Movies
60s
Colored Red Africa Blitz
by spor1
Geography
45s
More to Explore
Quiz From the Vault
Featured Blog Post
14 Easter Pick-up Lines to Find Eggs With
hide this ad
You Might Also Like...
Tags
Music Clip
Today's Top Quizzes in Music
Browse Music
hide this ad
Today's Top Quizzes in Music Clip
Browse Music Clip
Top Contributed Quizzes in Music
1
5X2 Blitz: Bands II
2
5X2 Blitz: The Beatles
3
Taylor Swift All Songs (2024)
4
5X2 Blitz: Billboard
5
5X2 Blitz: Billboard II
6
5X2 Blitz: Album
7
5X2 Blitz: Rock
8
5X2 Blitz: Singers
9
Music Artist by Three 2010s hits
10
5X2 Blitz: Lyrics
Explore More
Trending Topics
Marvel
Kpop
Crossword
Harry Potter
NBA
Disney
Anime
NFL
WWE
Country
Song
Puzzle
Pokémon
Soccer
The Office
hide this ad
More By:
mathmath85
Quiz
Plays
Rating
Category
Featured
Created
My All-time Top 50 Songs*
996
3.50
Music
Apr 13, 2017
Unthemed Music Clip Quiz I
101
4.00
Music
Mar 6, 2015
Unthemed Music Clip Quiz VI
92
3.50
Music
Aug 30, 2015
Unthemed Music Clip Quiz IV
84
Music
May 6, 2015
THE Clip Quiz
81
3.83
Music
Jan 26, 2015
Go to Creator's Profile
Score Distribution
Quiz Creator Spotlight
mathmath85
Follow
Send a Message
Quizzes Created
-
Created Quiz Play Count
-
More By This Creator
Popular Quizzes Today
1
Colored Red Africa Blitz
2
Find the US States - No Outlines Minefield
3
Find the 'City' Movie
4
5x2 Blitz: Bands
5
The Countries of the World
6
Find the Countries of Europe - No Outlines Minefield
7
Find the US States
8
US States
More Music Quizzes
5 to 1: Taylor Swift Albums
Quiz Lab
Trending Quizzes
Colored Red Europe Blitz I
Colored Red Europe Blitz II
Colored Red Africa Blitz II
Colored Red Europe Blitz III
Colored Red Africa Blitz III
Recently Updated
How Do You Spell That?
pecheneg
Godzilla Movies
pecheneg
Grab Bag: 4-10 Letters
pecheneg
2024 March Madness Bracket
pecheneg
Famous TV Couples
Peacemaker
Champions League XIs: Real Madrid
pecheneg
Largest US Cities 1790-2010
pecheneg
Rides in Walt Disney World
pecheneg
Most Oscar Losses (Acting)
pecheneg
Beyoncé Albums
pecheneg
Trending Topics
Crossword
Disney
Marvel
Kpop
NBA
Anime
Harry Potter
NFL
The Office
Soccer
WWE
Pokémon
Puzzle
Song
Country
Your Account Isn't Verified!
In order to create a playlist on Sporcle, you need to verify the email address you used during registration. Go to your
Sporcle Settings
to finish the process.
Report this User
Report this user for behavior that violates our
Community Guidelines
.
Details:
Send Report
Go to the Sporcle.com Mobile Site →
Comments